000 00640nam a2200229Ia 4500
003 OSt
005 20221007071051.0
006 a|||||r|||| 00| 0
007 ta
008 221006b |||||||| |||| 00| 0 eng d
024 _a21,634
037 _cTheseses
040 _aFLL
_cFLL
_beng
041 _2eng
_aeng
082 _aZ2:846, F2
100 _aRustomji K. J.
_9685678
245 0 _alaw of limitation and adverse possession
260 _aLahore
_bEmpire Law Publishing Society Pakistan
_c1922
300 _aiv,3,xxiv,ii,807p
_ccm.
942 _hZ2:846, F2
_cDIS
_2CC
999 _c1142342
_d1142342